The bhootbusters of himmatnagar / (Record no. 180797)

MARC details
000 -LEADER
fixed length control field 00693nam a22001937a 4500
005 - DATE AND TIME OF LATEST TRANSACTION
control field 20210818145103.0
010 ## - LCCN (DPL NO)
LC control number B-741133
020 ## - INTERNATIONAL STANDARD BOOK NUMBER
International Standard Book Number 9789390189502
Terms of availability 250.00
035 ## - SYSTEM CONTROL NUMBER
System control number B-741133
037 ## - SOURCE OF ACQUISITION
Source of stock number/acquisition Gift
082 ## - DEWEY DECIMAL CLASSIFICATION NUMBER
Classification number S
100 ## - MAIN ENTRY--PERSONAL NAME
Personal name Rao, Adithi
245 ## - TITLE STATEMENT
Title The bhootbusters of himmatnagar /
Statement of responsibility, etc by Adithi Rao ; illustrated by Sayan Mukherjee
260 ## - PUBLICATION, DISTRIBUTION, ETC. (IMPRINT)
Place of publication, distribution, etc Gurgaon
Name of publisher, distributor, etc Scholastic
Date of publication, distribution, etc 2020
270 ## - ADDRESS
Address A-27, Ground Floor, Sigma Centre, Infocity-1, Sector 34
City Gurgaon
Postal code 122001
300 ## - PHYSICAL DESCRIPTION
Extent 135p.:
Dimensions 19cm(pbk)
Other physical details ill.
942 ## - ADDED ENTRY ELEMENTS (KOHA)
Source of classification or shelving scheme Dewey Decimal Classification
Item type Children Books
Classification part S
Call number suffix RAO
Holdings
Withdrawn status Lost status Not for loan Collection code Home library Current library Date acquired Source of acquisition Cost, normal purchase price Full call number Barcode Copy number Cost, replacement price Koha item type Public note
      Fiction Central Library Central Library 18/08/2021 Gift/Eng/09-08-2021 250.00 S RAO B-741133 1 250.00 Children Books Gift

© Delhi Public Library
Hit Counter
free hit counter